000 00877nam a22003257a 4500
001 BR8800959
003 BR-BrBNA
005 20230928092842.0
007 ta
008 230509b bl.||||| |||| 00| 0 por d
040 _aBR-BrBNA
_bpor
_cBiblioteca Nacional de Agricultura
041 _a(Por)
072 _aF04; F61; P35
_b3801
090 _ 3801 BR8800959
110 1 _aCompanhia Nacional de Fertilizantes, Sao Paulo, SP (Brasil). Depto. Tecnico
_92478
245 1 _aManual de adubacao
246 1 _a[Dressing handbook]
260 3 _aSao Paulo, SP (Brasil):
_c[nd].
300 _a59 p.
500 _a13 tables
650 _aADUBACAO
650 _aADUBO
650 _aNUTRICAO VEGETAL
650 _aFERTILIZANTE
650 _aFERTILIDADE DO SOLO
650 _aANALISE QUIMICA
650 _aGRANULO
909 _a202309
_bLucia
_c55
_dLucia Elande
942 _cBK
999 _c41575
_d41575